=LDR 00000nam 2200000 4500 =001 INLIS000000000029768 =005 20130612131955 =008 ***********************************ind** =035 ##$$0010-061300000029768 =041 ##$$a ind =082 ##$$a 028.5 =090 ##$$a 028.5, WAR S =100 ##$$a Wardhana, Eka =245 ##$$a Sahabat kecil dari Al-Fushshilat dan tiga cerita lainnya, Eka Wardhana =260 ##$$a 2000 $b Bandung =300 ##$$a 38 hlm., ilus., 27 cm =850 ##$$a NBPNMAT